Social psychology : (Record no. 44845)
[ view plain ]
| 000 -LEADER | |
|---|---|
| fixed length control field | 00867nam a2200289I 4500 |
| 001 - CONTROL NUMBER | |
| control field | 44845 |
| 003 - CONTROL NUMBER IDENTIFIER | |
| rucl marc code | BD-RJUL |
| 005 - DATE AND TIME OF LATEST TRANSACTION | |
| control field | 20211209053927.0 |
| 008 - FIXED-LENGTH DATA ELEMENTS--GENERAL INFORMATION | |
| fixed length control field | 160720r19751966nyu 000 0 eng d |
| 020 ## - INTERNATIONAL STANDARD BOOK NUMBER | |
| International Standard Book Number | 0710018908 |
| 035 ## - SYSTEM CONTROL NUMBER | |
| System control number | BD-RJUL 44963 |
| System control number | (OCoLC)00645051 |
| System control number | GLIS00013884 |
| 040 ## - CATALOGING SOURCE | |
| Original cataloging agency | KSU |
| Transcribing agency | KSU |
| Modifying agency | MYG |
| Language of cataloging | eng |
| 041 ## - LANGUAGE CODE | |
| Language code of text/sound track or separate title | eng |
| 082 ## - DEWEY DECIMAL CLASSIFICATION NUMBER | |
| Edition number | 23 |
| Classification number | 302 |
| Author mark and year | NES 1975 |
| 099 ## - LOCAL FREE-TEXT CALL NUMBER (OCLC) | |
| Bangla Class number | HM251.R8 |
| 100 1# - MAIN ENTRY--PERSONAL NAME | |
| Personal name | Newcomb, Theodore M. |
| Dates associated with a name | 1866-1951. |
| 9 (RLIN) | 137425 |
| 245 10 - TITLE STATEMENT | |
| Title | Social psychology : |
| Remainder of title | The study of human interaction / |
| Statement of responsibility, etc. | Theodore M. Newcomb |
| 260 ## - PUBLICATION, DISTRIBUTION, ETC. (IMPRINT) | |
| Place of publication, distribution, etc. | London : |
| Name of publisher, distributor, etc. | Routledge company, |
| Date of publication, distribution, etc. | 1966 [reprint 1975] |
| 300 ## - PHYSICAL DESCRIPTION | |
| Pagination | xvi p., 591 p. : |
| Illustrations | ill. ;l |
| Size | 20 cm. |
| 650 #0 - SUBJECT ADDED ENTRY--TOPICAL TERM | |
| Topical term or geographic name as entry element | Social psychology. |
| 9 (RLIN) | 137426 |
| 700 ## - ADDED ENTRY--PERSONAL NAME | |
| Personal name | Turner, Ralph H. |
| Personal name | Converse, Philip E. |
| 942 ## - ADDED ENTRY ELEMENTS (KOHA) | |
| Source of classification or shelving scheme | Dewey Decimal Classification |
| Koha item type | Books |
| Lost status | Source of classification or shelving scheme | Damaged status | Not for loan | Collection code | Permanent Location | Current Location | Shelving location | Date acquired | Source of acquisition | Cost, normal purchase price | Total Checkouts | Full call number | Date last seen | Copy number | Koha item type |
|---|---|---|---|---|---|---|---|---|---|---|---|---|---|---|---|
| Dewey Decimal Classification | Non-fiction | Central Library, University of Rajshahi | Central Library, University of Rajshahi | 22/03/1980 | Heffer | 3.00 | 302 NES 1975 | 20/07/2016 | C-2 | Books |